[Event "SR 2. liga A 2011/2012"]
[Site "?"]
[Date "2011.12.04"]
[Round "36.2"]
[White "Peitl, Tomas"]
[Black "Lesny, Stefan"]
[Result "1/2-1/2"]
[WhiteElo "2214"]
[BlackElo "2074"]
[PlyCount "107"]
[EventDate "2011.??.??"]
[WhiteTeam "Slovakia"]
[BlackTeam "Slovakia"]
[WhiteTeamCountry "SVK"]
[BlackTeamCountry "SVK"]

1. d4 d5 2. g3 e6 3. Bg2 f5 4. Nf3 Nf6 5. O-O Bd6 6. c4 c6 7. Nc3 O-O 8. Rb1
Nbd7 9. b4 dxc4 10. b5 Nd5 11. Bd2 Nxc3 12. Bxc3 cxb5 13. Rxb5 a6 14. Rb1 Rb8
15. e4 b5 16. e5 Ba3 17. d5 Nc5 18. Nd4 Bd7 19. dxe6 Nxe6 20. Bd5 Qe8 21. Qc2
Qg6 22. Rbd1 Kh8 23. Ne2 Qe8 24. Ba5 Bc6 25. Qc3 Bxd5 26. Rxd5 Qc6 27. Rfd1 Bc5
28. Bb4 Rfd8 29. Rxd8+ Rxd8 30. Rxd8+ Nxd8 31. Qd2 Bb6 32. Be7 Nf7 33. Qf4 Qe6
34. Bb4 Qxe5 35. Qd2 Qc7 36. Qd5 a5 37. Bd2 Nd6 38. Bf4 Qc5 39. Qa8+ Qc8 40.
Qd5 Ne4 41. Qxb5 Bxf2+ 42. Kg2 Qa8 43. Kf1 c3 44. Qd3 Bc5 45. Nxc3 Nxc3 46.
Qxc3 Qh1+ 47. Ke2 Qg2+ 48. Kd1 Qf1+ 49. Kc2 Qe2+ 50. Bd2 Qe4+ 51. Kd1 Qb1+ 52.
Ke2 Qe4+ 53. Kd1 Qb1+ 54. Ke2 1/2-1/2

[Event "SR 2. liga A 2011/2012"]
[Site "?"]
[Date "2011.12.04"]
[Round "36.3"]
[White "Lehocky, Viktor"]
[Black "Bezuch, Martin"]
[Result "1/2-1/2"]
[WhiteElo "2066"]
[BlackElo "2210"]
[PlyCount "58"]
[EventDate "2011.??.??"]
[WhiteTeam "Slovakia"]
[BlackTeam "Slovakia"]
[WhiteTeamCountry "SVK"]
[BlackTeamCountry "SVK"]

1. d4 Nf6 2. c4 g6 3. Nf3 Bg7 4. Nc3 O-O 5. g3 d6 6. Bg2 Nbd7 7. O-O c6 8. h3
e5 9. e4 Qb6 10. c5 dxc5 11. dxe5 Ne8 12. Na4 Qb4 13. Be3 Nc7 14. a3 Qb5 15.
Qc2 Ne6 16. Rad1 Re8 17. b3 Nxe5 18. Nxe5 Bxe5 19. Nxc5 Nxc5 20. Bxc5 Be6 21.
Rd3 f5 22. f4 fxe4 23. Bxe4 Bg7 24. a4 Qa5 25. f5 gxf5 26. Bxf5 Bxf5 27. Rxf5
Qe1+ 28. Rf1 Qe6 29. Qg2 b6 1/2-1/2

[Event "SR 2. liga A 2011/2012"]
[Site "?"]
[Date "2011.12.04"]
[Round "36.5"]
[White "Ujhelyi, Matus"]
[Black "Sosovicka, Juraj"]
[Result "0-1"]
[WhiteElo "1972"]
[BlackElo "2198"]
[PlyCount "126"]
[EventDate "2011.??.??"]
[WhiteTeam "Slovakia"]
[BlackTeam "Slovakia"]
[WhiteTeamCountry "SVK"]
[BlackTeamCountry "SVK"]

1. e4 e5 2. Nf3 Nc6 3. Bb5 a6 4. Ba4 Nf6 5. O-O Be7 6. Re1 b5 7. Bb3 d6 8. c3
O-O 9. d4 Bg4 10. d5 Na5 11. Bc2 Qc8 12. Nbd2 c6 13. Nf1 cxd5 14. exd5 Nc4 15.
h3 Bh5 16. Ng3 Bg6 17. Bxg6 hxg6 18. Nf1 Qb7 19. b3 Nb6 20. Ne3 Nbxd5 21. Nxd5
Nxd5 22. c4 bxc4 23. bxc4 Nb6 24. Rb1 Qc7 25. Ba3 Nxc4 26. Rc1 Rac8 27. Qd3 Qa5
28. Rxc4 Rxc4 29. Qxc4 Qxa3 30. Qc7 Bf6 31. Qc4 Rb8 32. Re3 Qa5 33. Rd3 Be7 34.
Rb3 Rxb3 35. axb3 Qb5 36. Qc7 Bf8 37. Qc8 Qxb3 38. Qxa6 Qb1+ 39. Kh2 Qe4 40.
Qb6 Qf4+ 41. Kg1 e4 42. Nd4 Qc1+ 43. Kh2 Qc5 44. Qb2 Qe5+ 45. g3 d5 46. Qb6 Qf6
47. Qxf6 gxf6 48. Kg1 Bc5 49. Nb3 Bb6 50. Kf1 Kf8 51. Ke2 Ke7 52. f3 f5 53. g4
fxg4 54. hxg4 f5 55. gxf5 gxf5 56. fxe4 fxe4 57. Kd2 Ke6 58. Ke2 d4 59. Kd2 Kd5
60. Kc2 Bc5 61. Kd2 Bb4+ 62. Ke2 Kc4 63. Nc1 Kc3 0-1

[Event "SR 2. liga A 2011/2012"]
[Site "?"]
[Date "2011.12.04"]
[Round "36.6"]
[White "Oprea, Erik"]
[Black "Merva, Frantisek"]
[Result "1/2-1/2"]
[WhiteElo "2135"]
[BlackElo "2047"]
[PlyCount "58"]
[EventDate "2011.??.??"]
[WhiteTeam "Slovakia"]
[BlackTeam "Slovakia"]
[WhiteTeamCountry "SVK"]
[BlackTeamCountry "SVK"]

1. e4 e5 2. Nf3 Nc6 3. Nc3 Nf6 4. Bb5 Bc5 5. d3 d6 6. Bg5 h6 7. Bh4 Bd7 8. a3
a6 9. Bc4 Bg4 10. h3 Be6 11. Qd2 Bxc4 12. dxc4 Bd4 13. Nxd4 Nxd4 14. Bxf6 Qxf6
15. Nd5 Qd8 16. O-O Ne6 17. Rad1 O-O 18. c3 Qh4 19. f3 f5 20. Qe1 Qxe1 21.
Rfxe1 fxe4 22. Rxe4 Rf7 23. b4 b6 24. Re2 a5 25. b5 Raf8 26. Kf2 g6 27. Kg3 Kg7
28. Re4 Nc5 29. Re3 h5 1/2-1/2

[Event "SR 2. liga A 2011/2012"]
[Site "?"]
[Date "2011.12.04"]
[Round "36.7"]
[White "Partys, Petr"]
[Black "Szollos, Ondrej"]
[Result "1-0"]
[WhiteElo "2027"]
[BlackElo "2051"]
[PlyCount "63"]
[EventDate "2011.??.??"]
[WhiteTeam "Slovakia"]
[BlackTeam "Slovakia"]
[WhiteTeamCountry "SVK"]
[BlackTeamCountry "SVK"]

1. e4 d6 2. d4 c6 3. Nc3 Qc7 4. f4 e5 5. fxe5 dxe5 6. dxe5 Qxe5 7. Nf3 Qc7 8.
Bc4 Bg4 9. O-O Nf6 10. h3 Bc5+ 11. Kh1 Nh5 12. Ne2 Bxf3 13. Rxf3 O-O 14. Rf5
Nf6 15. Rxc5 Nxe4 16. Rf5 Qe7 17. Bd3 Nd6 18. Rf3 Nd7 19. Bf4 Ne5 20. Bxe5 Qxe5
21. Nc3 Rae8 22. Qd2 b5 23. Raf1 b4 24. Nd1 c5 25. b3 Qd4 26. Qf4 Ne4 27. Bxe4
Rxe4 28. Qg3 Ree8 29. Ne3 Qe5 30. Qg4 h5 31. Qc4 g6 32. Rxf7 1-0

[Event "SR 2. liga A 2011/2012"]
[Site "?"]
[Date "2011.12.04"]
[Round "36.8"]
[White "Sosovicka, Matej"]
[Black "Feher, Tibor"]
[Result "1-0"]
[WhiteElo "1961"]
[BlackElo "1802"]
[PlyCount "29"]
[EventDate "2011.??.??"]
[WhiteTeam "Slovakia"]
[BlackTeam "Slovakia"]
[WhiteTeamCountry "SVK"]
[BlackTeamCountry "SVK"]

1. e4 e5 2. Nf3 Nf6 3. Nxe5 d6 4. Nf3 Nxe4 5. Nc3 Nxc3 6. dxc3 Nc6 7. Bf4 g6 8.
Qd2 Qe7+ 9. Be2 Bd7 10. O-O-O O-O-O 11. Rhe1 f6 12. Nd4 Nxd4 13. Qxd4 Bg7 14.
Qxa7 Bc6 15. Bg4+ 1-0

[Event "SR 2. liga A 2011/2012"]
[Site "?"]
[Date "2012.01.07"]
[Round "37.1"]
[White "Kundrik, Peter"]
[Black "Likavsky, Tomas"]
[Result "0-1"]
[WhiteElo "2260"]
[BlackElo "2486"]
[PlyCount "74"]
[EventDate "2011.??.??"]
[WhiteTeam "Slovakia"]
[BlackTeam "Slovakia"]
[WhiteTeamCountry "SVK"]
[BlackTeamCountry "SVK"]

1. e4 c5 2. Nf3 d6 3. c3 Nf6 4. h3 g6 5. Bd3 Bg7 6. Bc2 e5 7. d4 exd4 8. cxd4
O-O 9. O-O Nc6 10. d5 Nb4 11. Nc3 Nxc2 12. Qxc2 Re8 13. a4 b6 14. Re1 a6 15.
Bf4 Ra7 16. e5 dxe5 17. Bxe5 Rd7 18. d6 Bb7 19. Nd2 Rxe5 20. Rxe5 Rxd6 21. Nc4
Rd4 22. Qe2 Bc6 23. Na3 Nd5 24. Rxd5 Bxd5 25. Qxa6 Be6 26. Qe2 Rd2 27. Qb5 Bd4
28. Rf1 Qh4 29. Ne2 Rxb2 30. Qa6 Kg7 31. Nxd4 Qxd4 32. Qa7 Bd7 33. Nb5 Bxb5 34.
axb5 Rxb5 35. Re1 Rb2 36. Re3 Qd1+ 37. Kh2 Qd6+ 0-1

[Event "SR 2. liga A 2011/2012"]
[Site "?"]
[Date "2012.01.07"]
[Round "37.2"]
[White "Doucha, Ludvik"]
[Black "Blatnicky, Miroslav"]
[Result "0-1"]
[WhiteElo "2102"]
[BlackElo "2130"]
[PlyCount "77"]
[EventDate "2011.??.??"]
[WhiteTeam "Slovakia"]
[BlackTeam "Slovakia"]
[WhiteTeamCountry "SVK"]
[BlackTeamCountry "SVK"]

1. e4 e6 2. d4 d5 3. e5 c5 4. c3 Nc6 5. Nf3 Qb6 6. Be2 f6 7. exf6 Nxf6 8. O-O
cxd4 9. cxd4 Bd6 10. Nc3 O-O 11. Rb1 Bd7 12. Bg5 h6 13. Bh4 Rae8 14. Bg3 Bxg3
15. hxg3 Ne4 16. Na4 Qa5 17. Nc3 Nd6 18. a3 Qd8 19. b4 Qf6 20. b5 Na5 21. Ne5
Re7 22. Bd3 Be8 23. Qe1 Nac4 24. a4 Rc7 25. Ne2 Nf5 26. Nxc4 dxc4 27. Bc2 Bf7
28. Qc3 Ne7 29. Qa5 b6 30. Qd2 Nd5 31. Nc3 Bg6 32. Ne4 Bxe4 33. Bxe4 c3 34. Qd3
Rfc8 35. Rfc1 Rc4 36. Rb3 Rxd4 37. Qe2 Rxa4 38. Bxd5 exd5 39. Qd1 0-1

[Event "SR 2. liga A 2011/2012"]
[Site "?"]
[Date "2012.01.07"]
[Round "37.3"]
[White "Abel, Peter"]
[Black "Arendas, Marek"]
[Result "1/2-1/2"]
[WhiteElo "2198"]
[BlackElo "2082"]
[PlyCount "39"]
[EventDate "2011.??.??"]
[WhiteTeam "Slovakia"]
[BlackTeam "Slovakia"]
[WhiteTeamCountry "SVK"]
[BlackTeamCountry "SVK"]

1. c4 e5 2. Nc3 Nc6 3. g3 g6 4. Bg2 Bg7 5. Nf3 Nf6 6. d3 d6 7. O-O O-O 8. Rb1
a5 9. a3 h6 10. Ne1 Be6 11. Nd5 Kh7 12. Nc2 a4 13. Nce3 Nd7 14. Bd2 Nd4 15. Nc2
Nb3 16. Bc3 c6 17. Nde3 Nd4 18. f4 f5 19. Nb4 Qb6 20. Kh1 1/2-1/2

[Event "SR 2. liga A 2011/2012"]
[Site "?"]
[Date "2012.01.07"]
[Round "37.4"]
[White "Hertel, Ondrej"]
[Black "Matulik, Daniel"]
[Result "1/2-1/2"]
[WhiteElo "2073"]
[BlackElo "2132"]
[PlyCount "79"]
[EventDate "2011.??.??"]
[WhiteTeam "Slovakia"]
[BlackTeam "Slovakia"]
[WhiteTeamCountry "SVK"]
[BlackTeamCountry "SVK"]

1. d4 Nf6 2. Nf3 g6 3. Bg5 Bg7 4. Nbd2 d6 5. e3 O-O 6. Bd3 Nc6 7. c3 e5 8. O-O
Qe8 9. Bb5 Bd7 10. Bxf6 Bxf6 11. d5 Ne7 12. Bxd7 Qxd7 13. e4 Bg7 14. c4 h6 15.
Rc1 c5 16. Ne1 f5 17. f3 h5 18. Nd3 Bh6 19. Qe2 Qe8 20. Rc2 Kh8 21. Nb1 Ng8 22.
Nc3 Nf6 23. b4 cxb4 24. Nxb4 Qe7 25. exf5 gxf5 26. Re1 Rac8 27. Nb5 a6 28. Nd4
Nd7 29. Ne6 Rg8 30. Nd3 b6 31. f4 e4 32. Qxh5 exd3 33. Qxh6+ Qh7 34. Qxh7+ Kxh7
35. Rd2 Rxc4 36. Rxd3 Nc5 37. Rh3+ Kg6 38. Rg3+ Kf7 39. Ng5+ Kf6 40. Nh7+
1/2-1/2

[Event "SR 2. liga A 2011/2012"]
[Site "?"]
[Date "2012.01.07"]
[Round "37.5"]
[White "Manak, Jozef"]
[Black "Puchart, Vladimir"]
[Result "0-1"]
[WhiteElo "2053"]
[BlackElo "2079"]
[PlyCount "64"]
[EventDate "2011.??.??"]
[WhiteTeam "Slovakia"]
[BlackTeam "Slovakia"]
[WhiteTeamCountry "SVK"]
[BlackTeamCountry "SVK"]

1. e4 c5 2. Nf3 d6 3. d4 cxd4 4. Nxd4 Nf6 5. Bd3 Nbd7 6. c4 Nc5 7. Nc3 g6 8.
Bc2 Qb6 9. Nb3 Bg7 10. Qe2 O-O 11. f3 Be6 12. Bd2 Rfc8 13. Nd5 Bxd5 14. exd5
Nfd7 15. Rb1 Na4 16. Ba5 Qa6 17. Bd3 Nac5 18. Nxc5 Nxc5 19. Bc3 Qxa2 20. Bxg7
Kxg7 21. Bc2 Nd7 22. b3 b5 23. O-O bxc4 24. bxc4 Ne5 25. f4 Qxc4 26. Qe1 Ng4
27. Bb3 Qd4+ 28. Kh1 Rc3 29. h3 Ne3 30. Rf2 Rb8 31. Ba2 Rxb1 32. Bxb1 Qc5 0-1

[Event "SR 2. liga A 2011/2012"]
[Site "?"]
[Date "2012.01.07"]
[Round "37.6"]
[White "Sturdik, Igor"]
[Black "Manak, Adrian"]
[Result "1-0"]
[WhiteElo "2067"]
[BlackElo "1931"]
[PlyCount "103"]
[EventDate "2011.??.??"]
[WhiteTeam "Slovakia"]
[BlackTeam "Slovakia"]
[WhiteTeamCountry "SVK"]
[BlackTeamCountry "SVK"]

1. e4 g6 2. d4 Bg7 3. Nc3 c6 4. f4 d5 5. e5 h5 6. Nf3 Nh6 7. Bd3 Bf5 8. Ng5
Bxd3 9. Qxd3 O-O 10. Bd2 e6 11. O-O-O c5 12. Nb5 a6 13. Nd6 c4 14. Qf3 Nc6 15.
Be1 b5 16. h3 b4 17. g4 h4 18. Nxc4 dxc4 19. Qxc6 Rc8 20. Qd6 Qa5 21. Qxb4 Qd5
22. Rh2 f6 23. exf6 Bxf6 24. Qd2 c3 25. bxc3 Be7 26. Qe3 Bxg5 27. fxg5 Rf3 28.
Qe5 Qxa2 29. gxh6 Qa1+ 30. Kd2 Qxc3+ 31. Ke2 Qxc2+ 32. Rd2 Qc4+ 33. Kxf3 Qf1+
34. Bf2 Rf8+ 35. Ke3 Rf7 36. Qe4 Kh7 37. g5 Qc4 38. Bxh4 Rf1 39. Qd3 Qc1 40.
Qc2 Re1+ 41. Bxe1 Qxe1+ 42. Rde2 Qg3+ 43. Ke4 Qh4+ 44. Kd3 Qxg5 45. Rhf2 Qb5+
46. Qc4 Qb1+ 47. Ke3 Kxh6 48. Qd3 Qc1+ 49. Qd2 Qc6 50. Rg2 Kg7 51. Rxg6+ Kxg6
52. Qc2+ 1-0

[Event "SR 2. liga A 2011/2012"]
[Site "?"]
[Date "2012.01.07"]
[Round "37.7"]
[White "Nemsak, Denis"]
[Black "Stetina, Erik"]
[Result "1-0"]
[WhiteElo "1916"]
[BlackElo "2042"]
[PlyCount "49"]
[EventDate "2011.??.??"]
[WhiteTeam "Slovakia"]
[BlackTeam "Slovakia"]
[WhiteTeamCountry "SVK"]
[BlackTeamCountry "SVK"]

1. c4 Nf6 2. Nc3 e6 3. e4 d5 4. e5 d4 5. exf6 dxc3 6. bxc3 Qxf6 7. d4 h6 8. Nf3
b6 9. Be2 Bd6 10. O-O O-O 11. Be3 Nd7 12. Qa4 Qe7 13. Rab1 Nf6 14. Ne5 Bxe5 15.
dxe5 Qe8 16. Qxe8 Nxe8 17. Bf3 Rb8 18. Rfd1 Kh7 19. Be4+ g6 20. Rd8 Rg8 21.
Rbd1 f6 22. Bc6 Ng7 23. exf6 Nf5 24. f7 Rxd8 25. Rxd8 1-0

[Event "SR 2. liga A 2011/2012"]
[Site "?"]
[Date "2012.01.07"]
[Round "37.8"]
[White "Halas, Miroslav"]
[Black "Slaby, Jozef"]
[Result "1/2-1/2"]
[WhiteElo "1946"]
[BlackElo "1856"]
[PlyCount "80"]
[EventDate "2011.??.??"]
[WhiteTeam "Slovakia"]
[BlackTeam "Slovakia"]
[WhiteTeamCountry "SVK"]
[BlackTeamCountry "SVK"]

1. e4 e6 2. d4 d5 3. Nc3 Nf6 4. e5 Nfd7 5. f4 a6 6. Nf3 c5 7. Be3 cxd4 8. Nxd4
g6 9. Qg4 Nc5 10. a3 Nc6 11. b4 Nxd4 12. Bxd4 Nd7 13. Bd3 Qc7 14. O-O Nb6 15.
h4 Nc4 16. Na4 Bd7 17. Nb2 Be7 18. g3 Rc8 19. h5 Nd2 20. Rf2 Ne4 21. Rh2 Rf8
22. c4 b5 23. hxg6 hxg6 24. c5 Bc6 25. a4 Kd7 26. Rc2 Ra8 27. Rh2 Rh8 28. Rxh8
Rxh8 29. axb5 axb5 30. Kg2 Ra8 31. Rxa8 Bxa8 32. Bxb5+ Bc6 33. Qe2 Qb7 34.
Bxc6+ Kxc6 35. Nd3 Qb5 36. Kf3 Qc4 37. Bf2 Nc3 38. Qc2 Qe4+ 39. Kg4 Qf5+ 40.
Kf3 Qe4+ 1/2-1/2

[Event "SR 2. liga A 2011/2012"]
[Site "?"]
[Date "2012.01.07"]
[Round "38.1"]
[White "Jablonicky, Frantisek"]
[Black "Pagerka, Martin"]
[Result "0-1"]
[WhiteElo "2187"]
[BlackElo "2200"]
[PlyCount "106"]
[EventDate "2011.??.??"]
[WhiteTeam "Slovakia"]
[BlackTeam "Slovakia"]
[WhiteTeamCountry "SVK"]
[BlackTeamCountry "SVK"]

1. Nf3 c5 2. c4 Nc6 3. d4 cxd4 4. Nxd4 Nf6 5. Nc3 e6 6. g3 Be7 7. Bg2 O-O 8.
O-O d5 9. cxd5 Nxd5 10. Nxc6 bxc6 11. Qc2 Bd7 12. Rd1 Qc8 13. a3 Rd8 14. e4
Nxc3 15. Qxc3 Be8 16. Be3 Qb7 17. e5 Qb5 18. Bf1 Qb7 19. b4 Rd5 20. Bg2 Rb5 21.
Bf1 Rd5 22. Bg2 Rxd1+ 23. Rxd1 Qb5 24. Bc5 Bxc5 25. Qxc5 Qxc5 26. bxc5 Rb8 27.
Bf1 Kf8 28. Bc4 Rb2 29. Rc1 Ke7 30. Kg2 f5 31. exf6+ gxf6 32. Kf3 Bg6 33. Rc3
f5 34. Rb3 Rc2 35. Bd3 Rxc5 36. Rb7+ Kd6 37. Rxa7 e5 38. Bf1 Rc3+ 39. Kg2 Kd5
40. Be2 Rc2 41. Bd1 Rc1 42. Bb3+ Ke4 43. a4 c5 44. Bg8 c4 45. Rc7 c3 46. a5 Bh5
47. Bxh7 Be2 48. g4 Bf3+ 49. Kh3 Bxg4+ 50. Kh4 Kf4 51. h3 Rc2 52. f3 Bxf3 53.
a6 Be4 0-1

[Event "SR 2. liga A 2011/2012"]
[Site "?"]
[Date "2012.01.07"]
[Round "38.2"]
[White "Bury, Rastislav"]
[Black "Sekera, Branislav"]
[Result "0-1"]
[WhiteElo "2173"]
[BlackElo "2151"]
[PlyCount "122"]
[EventDate "2011.??.??"]
[WhiteTeam "Slovakia"]
[BlackTeam "Slovakia"]
[WhiteTeamCountry "SVK"]
[BlackTeamCountry "SVK"]

1. c4 Nf6 2. Nc3 e6 3. g3 Be7 4. Bg2 O-O 5. e3 d5 6. cxd5 exd5 7. d4 c6 8. Nf3
Bg4 9. O-O Nbd7 10. a3 Ne4 11. Qb3 Nxc3 12. bxc3 Bxf3 13. Bxf3 Qb6 14. Qa2 Qc7
15. c4 dxc4 16. Qxc4 Nb6 17. Qc2 Rad8 18. Bb2 f5 19. Rfd1 Nd5 20. Rac1 Kh8 21.
Qc4 Qd7 22. a4 Rfe8 23. Bh5 g6 24. Bf3 h5 25. e4 fxe4 26. Bxe4 Kh7 27. Qd3 Qe6
28. Bf3 Kg7 29. Re1 Qf7 30. Bg2 Bb4 31. Rf1 Ba5 32. Rb1 Qf5 33. Qb3 Rd7 34.
Rbd1 Re2 35. Bxd5 Qxd5 36. Qa3 Rf7 37. f3 Kh7 38. Rf2 Rxf2 39. Kxf2 Bb6 40. Qd3
Rd7 41. Qc3 Bd8 42. Re1 Ba5 43. Qe3 Bxe1+ 44. Qxe1 Qb3 45. Qc3 Qxc3 46. Bxc3
Kg8 47. Ke3 Kf7 48. g4 Ke6 49. Ke4 Rd5 50. h3 b6 51. f4 a5 52. Be1 b5 53. Bxa5
bxa4 54. Bb4 Rb5 55. Ba3 Rb3 56. f5+ gxf5+ 57. gxf5+ Kf6 58. Bd6 a3 59. Be5+
Kf7 60. d5 cxd5+ 61. Kxd5 Rb5+ 0-1

[Event "SR 2. liga A 2011/2012"]
[Site "?"]
[Date "2012.01.07"]
[Round "38.3"]
[White "Kozinka, Roman"]
[Black "Polasek, Filip"]
[Result "1-0"]
[WhiteElo "2056"]
[BlackElo "2123"]
[PlyCount "65"]
[EventDate "2011.??.??"]
[WhiteTeam "Slovakia"]
[BlackTeam "Slovakia"]
[WhiteTeamCountry "SVK"]
[BlackTeamCountry "SVK"]

1. c4 e6 2. Nf3 Nf6 3. Nc3 d5 4. d4 Nbd7 5. Qc2 Be7 6. Bf4 O-O 7. e3 c6 8. h3
Bb4 9. Nd2 Re8 10. a3 Qa5 11. Nb3 Bxc3+ 12. bxc3 Qa4 13. cxd5 exd5 14. Bd3 c5
15. Nd2 Qc6 16. Qb2 c4 17. Bc2 Ne4 18. f3 Nxd2 19. Kxd2 Nb6 20. g4 a6 21. h4
Na4 22. Qb4 Bd7 23. Rae1 Ra7 24. Qb1 h6 25. g5 h5 26. g6 f6 27. e4 Be6 28. exd5
Bxd5 29. Rxe8+ Qxe8 30. Re1 Qd7 31. Bxa4 Qxa4 32. Qf5 Qc6 33. Qxd5+ 1-0

[Event "SR 2. liga A 2011/2012"]
[Site "?"]
[Date "2012.01.07"]
[Round "38.4"]
[White "Jozefek, Michal"]
[Black "Kavon, Rastislav"]
[Result "1/2-1/2"]
[WhiteElo "1910"]
[BlackElo "1879"]
[PlyCount "82"]
[EventDate "2011.??.??"]
[WhiteTeam "Slovakia"]
[BlackTeam "Slovakia"]
[WhiteTeamCountry "SVK"]
[BlackTeamCountry "SVK"]

1. d4 Nf6 2. c4 e6 3. Nf3 b6 4. g3 Ba6 5. Nbd2 c5 6. Bg2 Nc6 7. e4 cxd4 8. e5
Ng4 9. Qa4 Bb7 10. h3 Nh6 11. O-O Qc7 12. Re1 Bb4 13. a3 Bxd2 14. Bxd2 Nf5 15.
Rad1 O-O 16. Bf4 Rac8 17. g4 Nfe7 18. Nxd4 Nxd4 19. Bxb7 Qxb7 20. Rxd4 Rc7 21.
Red1 Nc6 22. Rd6 Qc8 23. R1d3 f6 24. exf6 Rxf6 25. Bg3 e5 26. Qb5 Qe8 27. Qd5+
Rf7 28. Re3 Qf8 29. Bxe5 Nxe5 30. Rxe5 Rc5 31. Qe4 Rxe5 32. Qxe5 Rxf2 33. Rd1
d6 34. Qd5+ Kh8 35. Qd4 Rf4 36. Qd5 Qe8 37. Qd3 Qe5 38. Rf1 h6 39. Rxf4 Qxf4
40. Kg2 Qe5 41. Qc2 Kg8 1/2-1/2

[Event "SR 2. liga A 2011/2012"]
[Site "?"]
[Date "2012.01.07"]
[Round "38.5"]
[White "Lopatievov, Alexander"]
[Black "Spacek, Oliver"]
[Result "0-1"]
[WhiteElo "1925"]
[BlackElo "1907"]
[PlyCount "88"]
[EventDate "2011.??.??"]
[WhiteTeam "Slovakia"]
[BlackTeam "Slovakia"]
[WhiteTeamCountry "SVK"]
[BlackTeamCountry "SVK"]

1. c4 Nf6 2. Nc3 g6 3. g3 Bg7 4. Bg2 d6 5. Nf3 O-O 6. O-O e5 7. d3 c6 8. Bd2
Re8 9. Qc1 d5 10. Bh6 Bh8 11. Bg5 d4 12. Ne4 Nbd7 13. b4 Qc7 14. Nfd2 Nxe4 15.
Nxe4 f5 16. Nd2 Bg7 17. Nb3 Nf8 18. Bh6 Ne6 19. Bxg7 Kxg7 20. a4 Bd7 21. e3
dxe3 22. Qxe3 f4 23. Qd2 Ng5 24. h4 Ne6 25. Qc3 Kg8 26. Rfe1 Ng7 27. Nc5 Nf5
28. Ne4 fxg3 29. fxg3 Rf8 30. Kh2 Nd4 31. Rf1 Bf5 32. c5 Bxe4 33. Bxe4 Kg7 34.
Qc4 Qe7 35. b5 Rf6 36. Kg2 Raf8 37. bxc6 bxc6 38. Rab1 Ne2 39. Bf3 Nxg3 40.
Bxc6 Nxf1 41. Rb7 Qxb7 42. Bxb7 Ne3+ 43. Kg3 Nxc4 44. dxc4 Rb8 0-1

[Event "SR 2. liga A 2011/2012"]
[Site "?"]
[Date "2012.01.07"]
[Round "38.6"]
[White "Likavska, Barbora"]
[Black "Mackovic, Miroslav"]
[Result "1-0"]
[WhiteElo "1861"]
[BlackElo "1911"]
[PlyCount "77"]
[EventDate "2011.??.??"]
[WhiteTeam "Slovakia"]
[BlackTeam "Slovakia"]
[WhiteTeamCountry "SVK"]
[BlackTeamCountry "SVK"]

1. d4 Nf6 2. c4 g6 3. Nc3 Bg7 4. e4 d6 5. f3 Nc6 6. Be3 e5 7. Nge2 O-O 8. Qd2
exd4 9. Nxd4 Nxd4 10. Bxd4 h5 11. Be2 Be6 12. O-O a6 13. Rfd1 Nd7 14. Bxg7 Kxg7
15. Qd4+ Kh7 16. Nd5 f6 17. Rac1 Ne5 18. Rd2 Bg8 19. a3 c5 20. Qc3 Nc6 21. Bf1
Bxd5 22. exd5 Nd4 23. Re1 Qd7 24. Bd3 Rae8 25. Rdd1 Re5 26. Rxe5 fxe5 27. Rf1
Qe7 28. Rf2 Qg5 29. Be4 Kh8 30. Qd2 Qxd2 31. Rxd2 Kg7 32. Kf2 b5 33. b4 bxc4
34. bxc5 dxc5 35. Rb2 Rf6 36. Rb7+ Kh6 37. Rc7 Nb3 38. Rc6 c3 39. Rxf6 1-0

[Event "SR 2. liga A 2011/2012"]
[Site "?"]
[Date "2012.01.07"]
[Round "38.7"]
[White "Jablonicky, Martin"]
[Black "Pericka, Tomas"]
[Result "1-0"]
[WhiteElo "1757"]
[BlackElo "2008"]
[PlyCount "83"]
[EventDate "2011.??.??"]
[WhiteTeam "Slovakia"]
[BlackTeam "Slovakia"]
[WhiteTeamCountry "SVK"]
[BlackTeamCountry "SVK"]

1. d4 Nf6 2. Nf3 g6 3. c4 Bg7 4. Nc3 d5 5. cxd5 Nxd5 6. e4 Nxc3 7. bxc3 c5 8.
Be3 O-O 9. Qd2 Qa5 10. Rc1 Rd8 11. Bc4 Nc6 12. d5 Bg4 13. Be2 f5 14. Ng5 Bxe2
15. Kxe2 fxe4 16. Ne6 Ne5 17. c4 Qxd2+ 18. Kxd2 Rd6 19. Nxg7 Kxg7 20. Bxc5 Ra6
21. Rc2 Nd3 22. Be3 Kf7 23. Rb1 b6 24. f3 Nc5 25. Bxc5 bxc5 26. fxe4 Kf6 27.
Rb7 Ke5 28. Rxe7+ Kd4 29. e5 Rf8 30. Ke2 Ra3 31. Rd2+ Ke4 32. d6 Re3+ 33. Kd1
Rf1+ 34. Kc2 Ree1 35. d7 Rc1+ 36. Kb3 Rb1+ 37. Ka4 Rfc1 38. d8=Q Rb4+ 39. Ka5
Rc3 40. Qd5+ Kf5 41. Qe6+ Kg5 42. Qf6+ 1-0

[Event "SR 2. liga A 2011/2012"]
[Site "?"]
[Date "2012.01.07"]
[Round "38.8"]
[White "Spacek, Marcel"]
[Black "Gajarsky, Julius"]
[Result "0-1"]
[WhiteElo "1818"]
[BlackElo "1887"]
[PlyCount "78"]
[EventDate "2011.??.??"]
[WhiteTeam "Slovakia"]
[BlackTeam "Slovakia"]
[WhiteTeamCountry "SVK"]
[BlackTeamCountry "SVK"]

1. d4 Nf6 2. c4 e6 3. g3 d5 4. Nf3 Bb4+ 5. Bd2 Bxd2+ 6. Nbxd2 O-O 7. Bg2 Nbd7
8. O-O c6 9. Qc2 Re8 10. Rfd1 Rb8 11. e4 dxe4 12. Nxe4 Nxe4 13. Qxe4 Nf6 14.
Qf4 Bd7 15. Ne5 Qe7 16. c5 Rbd8 17. Nc4 Bc8 18. Qb8 a6 19. Rd3 Nd7 20. Qd6 Nxc5
21. dxc5 Rxd6 22. cxd6 Qd8 23. d7 Bxd7 24. Ne5 Qb6 25. Nxd7 Qxb2 26. Rad1 Qxa2
27. Nc5 Qa5 28. Nxb7 Qb6 29. Rd7 g6 30. Nd8 Rf8 31. Nxc6 a5 32. Ne5 a4 33. R7d3
Qb4 34. Nc6 Qb2 35. Na5 Rc8 36. Nc6 Kg7 37. Nd4 Rc1 38. Be4 a3 39. R3d2 Qxd2
0-1

[Event "SR 2. liga A 2011/2012"]
[Site "?"]
[Date "2012.01.07"]
[Round "39.1"]
[White "Rohacek, Miroslav"]
[Black "Schwarz, Dusan"]
[Result "1-0"]
[WhiteElo "2297"]
[BlackElo "2286"]
[PlyCount "71"]
[EventDate "2011.??.??"]
[WhiteTeam "Slovakia"]
[BlackTeam "Slovakia"]
[WhiteTeamCountry "SVK"]
[BlackTeamCountry "SVK"]

1. e4 c5 2. Nf3 e6 3. d4 cxd4 4. Nxd4 a6 5. Bd3 Bc5 6. Nb3 Be7 7. Qg4 g6 8. Qe2
d6 9. O-O Qc7 10. Nc3 Nd7 11. Bd2 b6 12. f4 Ngf6 13. Rae1 Bb7 14. e5 Nd5 15.
Nxd5 Bxd5 16. c4 Bb7 17. Nd4 O-O 18. Nf3 Rad8 19. Bc3 Nc5 20. Bb1 b5 21. exd6
Bxd6 22. Ng5 h6 23. Qh5 f6 24. Qxh6 Qg7 25. Qxg7+ Kxg7 26. cxb5 Kh6 27. Nxe6
Nxe6 28. Rxe6 Bc5+ 29. Kh1 axb5 30. Bxf6 Rd2 31. Bg5+ Kh5 32. Bxg6+ Kg4 33. Be4
Bxe4 34. Rxe4 Rxb2 35. h3+ Kh5 36. Re6 1-0

[Event "SR 2. liga A 2011/2012"]
[Site "?"]
[Date "2012.01.07"]
[Round "39.2"]
[White "Janos, Martin"]
[Black "Kovac, Andrej"]
[Result "1/2-1/2"]
[WhiteElo "2252"]
[BlackElo "2154"]
[PlyCount "53"]
[EventDate "2011.??.??"]
[WhiteTeam "Slovakia"]
[BlackTeam "Slovakia"]
[WhiteTeamCountry "SVK"]
[BlackTeamCountry "SVK"]

1. d4 e6 2. Nf3 Nf6 3. Nbd2 c5 4. e3 b6 5. Bd3 Bb7 6. O-O Be7 7. c3 O-O 8. e4
cxd4 9. cxd4 d6 10. Re1 Nbd7 11. Nf1 Rc8 12. Ng3 Qc7 13. Bd2 Qb8 14. Qb3 Rfe8
15. Ng5 h6 16. Nxe6 fxe6 17. Qxe6+ Kh8 18. Nf5 Bf8 19. Qf7 Rc7 20. Qg6 Bxe4 21.
Bxe4 Rxe4 22. Rxe4 Nxe4 23. Bxh6 gxh6 24. Nxh6 Bg7 25. Nf7+ Kg8 26. Nh6+ Kh8
27. Nf7+ 1/2-1/2

[Event "SR 2. liga A 2011/2012"]
[Site "?"]
[Date "2012.01.07"]
[Round "39.3"]
[White "Kralovic, Andrej"]
[Black "Novak, Ivan"]
[Result "1/2-1/2"]
[WhiteElo "2172"]
[BlackElo "2187"]
[PlyCount "46"]
[EventDate "2011.??.??"]
[WhiteTeam "Slovakia"]
[BlackTeam "Slovakia"]
[WhiteTeamCountry "SVK"]
[BlackTeamCountry "SVK"]

1. d4 b5 2. Nf3 Bb7 3. Nbd2 Nf6 4. e3 a6 5. Bd3 e6 6. O-O c5 7. c3 d5 8. a3
Nbd7 9. Re1 Ne4 10. Bc2 Bd6 11. Nxe4 dxe4 12. Nd2 Nf6 13. dxc5 Bxc5 14. c4 Qc7
15. Qe2 O-O 16. Rb1 Bd6 17. h3 Rfc8 18. b3 Qe7 19. Bb2 Bxa3 20. Bxf6 gxf6 21.
Bxe4 Bxe4 22. Nxe4 f5 23. Nd2 Bb4 1/2-1/2